| 000 | 00423cam a2200181ua 4500 | ||
|---|---|---|---|
| 020 | _c2.50 | ||
| 041 |
_ahin _h |
||
| 082 |
_a891.43 _bMAH/SA |
||
| 100 | _aMahadevi, Varma . | ||
| 245 |
_aSandya geet / _cMahadevi varma. _hTextual Documents |
||
| 250 |
_a5 / _b. |
||
| 260 |
_aIlahabad : _bBharati Bhandar , _c1964. |
||
| 300 | _a89 ; . | ||
| 365 | _a2.50 | ||
| 504 | _a | ||
| 942 | _cBK | ||
| 999 |
_c12734 _d12734 |
||